The theory of commercial policy. / (Record no. 887)

MARC details
000 -LEADER
fixed length control field 00879nam a22001817a 4500
008 - FIXED-LENGTH DATA ELEMENTS--GENERAL INFORMATION
fixed length control field 120516t xxu||||| |||| 00| 0 eng d
020 ## - INTERNATIONAL STANDARD BOOK NUMBER
International Standard Book Number 026202196x
050 ## - LIBRARY OF CONGRESS CALL NUMBER
Classification number HF1411.B466
100 ## - MAIN ENTRY--PERSONAL NAME
Personal name Bhagwati, Jagdish
245 ## - TITLE STATEMENT
Title The theory of commercial policy. /
Statement of responsibility, etc. Jagdish Bhagwati and Robert Feenstra
260 ## - PUBLICATION, DISTRIBUTION, ETC.
Place of publication, distribution, etc. London:
Name of publisher, distributor, etc. MIT press,
Date of publication, distribution, etc. c1987.
300 ## - PHYSICAL DESCRIPTION
Extent x,628p.
Other physical details ill;
Dimensions 22cm.
500 ## - GENERAL NOTE
General note Includes index
505 ## - FORMATTED CONTENTS NOTE
Formatted contents note Contents: The Theory of commercial policy -- Growth and welfare -- Tariffs, quotas and subsidies -- Directly unproductive profit-seeking (DUP) activities: illegal trade and lobbying -- Noneconomic objectives and GATT reforms -- Factor market imperfections and policy intervention -- Project evaluation in trade-distorted open economies, effective protection, and domestic resource costs.
650 ## - SUBJECT ADDED ENTRY--TOPICAL TERM
Topical term following geographic name entry element Trade.
700 ## - ADDED ENTRY--PERSONAL NAME
Personal name Feenstra, Robert
942 ## - ADDED ENTRY ELEMENTS (KOHA)
Source of classification or shelving scheme Library of Congress Classification
Koha item type Books
Holdings
Withdrawn status Lost status Source of classification or shelving scheme Damaged status Not for loan Home library Current library Shelving location Date acquired Total Checkouts Full call number Barcode Date last seen Price effective from Koha item type
    Library of Congress Classification     WISCONSIN INTERNATIONAL UNIVERSITY COLLEGE, GHANA - MAIN LIBRARY WISCONSIN INTERNATIONAL UNIVERSITY COLLEGE, GHANA - MAIN LIBRARY General Stacks 16/05/2012   HF1411.B466 2096/12 16/05/2012 16/05/2012 Books

If you have any concerns or questions; kindly contact the library


© Powered by WIUC ICT DIRECTORATE